000 00232nam a2200097Ia 4500
005 20251222114354.0
008 251222s1900||||xx |||||||||||||| ||spa||
082 _aDVD0093/H12
245 0 _aHacia una cultura de la calidad
942 _cDVD
999 _c1377
_d1377